00782nam a2200205 i 450000100060000000300090000600500170001500700030003200800410003510000270007624501270010326000440023030000410027470000260031570000320034170000320037385200320040599900170043795201220045492183ES-MaACL20230906180921.0t|050222s1968 sp ||||1| spa d1 aLheureux, G. E.97213510aSoldadura por resistencia / cpor G. E. Lheureux y E. J. Belotte; [traducida por Eduardo Aldeanueva y Estanislao Pérez]. aBarcelona : bHispano-Europea, c[1968] a551 p. : bil.; 14 lám. ; c21 cm.1 aBelotte, E. J.9273201 aAldeanueva, Eduardo.9196241 aPérez, Estanislao.990570 aES-MaACLjC-36955 bR.67168 c92183d92183 00104070aATENEOMbATENEOMcDEPO2d2008-01-17eSCl0oC-36955p1096243r2023-02-23 00:00:00w2023-02-23yMONOGRAFIA